Statistics for NBA Word Chain

Click here to take the quiz!

General Stats

  • This quiz has been taken 64 times
  • The average score is 10 of 15

Answer Stats

HintAnswer% Correct
Known as the AnswerAllen Iverson
96%
Nothing but ___ (3 letters) aka swishNet
95%
Known for his taunt “Dame Time”Damian Lillard
86%
One of the most dominant center everShaquille O’Neal
86%
Tied with Lakers for most championshipsCeltics
80%
Shoe brand NBA players wearNike
80%
Best white player of all timeLarry Bird
77%
Knicks center who was a member of the Dream TeamPatrick Ewing
75%
Where NBA highlights are shownESPN
54%
Known as the human highlight filmDominque Wilkins
52%
Knicks super fanSpike Lee
48%
Shooting far past the 3 point lineDeep
36%
Timberwolves 6th manNaz Reid
34%
Helped Micheal Jordan win ChampionshipsToni Kukoc
34%
Known for his Finger RollGeorge Gervin
29%

Score Distribution

Percentile by Number Answered

Percent of People with Each Score

Your Score History

You have not taken this quiz